Apologia del Sig. Torquato Tasso in difesa della sua gicrus alemme liberata con alcune altre opere, parte in accusoi, parte in defensa dell' Orlando furioso dell' Ariosto della Gierusalemme istessa, e dell' Amadigi del Tasso padre

Detalles Bibliográficos
Autor principal: Tasso, Torcuato
Formato: Libro
Lenguaje:Undetermined
Italian
Publicado: in Ferrara : appresso Giulio Cesare Cagnacini et Fratelli, 1585.
Materias:
Colección:Banco de datos
Acervo:Biblioteca Palafoxiana. Colección bibliográfica
Descripción Física:[369], 117, [2] p. ; 4°
Tema general:Apologética
Notas:Número de localización 29678-A
LEADER 00773nam a2200181Ia 4500
008 150723s9999 xx 000 0 und d
041 0 |a ita 
050 0 |a PAFX BT1100 T3 
100 1 |a Tasso, Torcuato 
245 1 0 |a Apologia del Sig. Torquato Tasso in difesa della sua gicrus alemme liberata con alcune altre opere, parte in accusoi, parte in defensa dell' Orlando furioso dell' Ariosto della Gierusalemme istessa, e dell' Amadigi del Tasso padre 
260 |a in Ferrara : appresso Giulio Cesare Cagnacini et Fratelli, 1585. 
300 |a [369], 117, [2] p. ; 4° 
500 |a Número de localización 29678-A 
501 |a Encuadernado con 4 obras 
650 1 0 |a Apologética 
942 |c PALALIB 
943 |g Biblioteca Palafoxiana. Colección bibliográfica 
999 |c 1044976  |d 1044976